000 00319nam a22001457a 4500
008 221118b ||||| |||| 00| 0 eng d
020 _a2800306445110
041 _aeng
080 _a573
082 _a573
100 _a16.1
101 _abio
245 _aTHE EPIC HISTORY OF BIOLOGY
_cSERAFINI A
942 _2udc
_cBK
999 _c58953
_d58953